All Jurgen Klopp's Liverpool Wins - Statistics

General Stats
  • This quiz has been taken 570 times
    80 since last reset
  • The average score is 211 of 331
Answer Stats
Hint Answer % Correct
1/19/20 | 10/24/21 | 12/16/18 | +5 others Manchester United
100%
1/20/22 | 1/7/24 | 11/20/21 | +8 others Arsenal FC
97%
1/14/18 | 10/16/22 | 11/10/19 | +7 others Manchester City
97%
1/31/24 | 10/31/15 | 2/25/24 | +5 others Chelsea FC
95%
10/25/16 Tottenham Hostpur
95%
1/11/20 | 1/28/21 | 10/27/19 | +8 others Tottenham Hotspur
95%
5/7/19 | 8/6/16 FC Barcelona
91%
1/1/24 | 12/16/21 | 12/26/18 | +8 others Newcastle United
91%
7/26/18 Machester City
88%
11/2/19 | 12/11/21 | 12/26/22 | +6 others Aston Villa
86%
1/12/19 | 11/22/20 | 11/30/19 | +6 others Brighton & Hove Albion
82%
10/21/23 Everton
82%
1/5/18 | 1/5/20 | 12/1/21 | +6 others Everton FC
82%
1/29/20 | 1/31/21 | 10/19/22 | +10 others West Ham United
80%
8/1/17 Bayern Munich
79%
3/13/19 FC Bayern Munich
79%
1/16/22 | 11/12/23 | 2/17/24 | 5/6/23 Brentford FC
77%
11/26/16 Sunderland AFC
77%
1/17/23 | 1/23/20 | 12/21/18 | +9 others Wolverhampton Wanderers
77%
1/19/19 | 1/23/22 | 10/29/16 | +11 others Crystal Palace
76%
1/10/24 | 11/11/18 | 12/3/23 | +3 others Fulham FC
74%
10/5/19 | 12/26/15 | 12/26/19 | +10 others Leicester City
74%
1/21/24 | 10/28/15 | 11/1/23 | +9 others AFC Bournemouth
71%
1/23/16 | 1/28/24 | 2/15/20 | +5 others Norwich City
71%
11/29/16 | 2/23/22 | 4/17/23 | +2 others Leeds United
70%
10/19/21 | 11/3/21 Atletico Madrid
68%
10/29/23 | 3/2/24 | 3/20/22 | 4/22/23 Nottingham Forest
68%
11/12/22 | 11/18/17 | 11/27/21 | +6 others Southampton FC
68%
8/17/19 Southmapton FC
68%
12/7/21 | 7/31/16 | 9/15/21 AC Milan
67%
4/14/16 Borussia Dortmund
65%
2/16/22 Internazionale Milan
64%
10/16/21 | 11/24/18 | 11/6/16 | +6 others Watford FC
61%
1/1/18 | 12/26/23 | 12/5/18 | +7 others Burnley FC
59%
9/18/18 Paris Saint Germain
59%
10/22/16 | 4/16/17 | 5/16/21 West Bromwich Albion
59%
10/21/20 | 10/26/22 | 12/1/20 | 9/13/22 AFC Ajax
58%
11/24/21 | 2/14/18 | 4/17/19 | +2 others FC Porto
56%
1/30/18 | 10/20/18 | 10/28/17 | +2 others Huddersfield Town
56%
2/21/24 Luton Town
56%
11/1/22 | 12/11/18 | 8/4/18 SSC Napoli
56%
10/1/16 | 11/29/15 | 12/26/17 Swansea City
56%
10/27/18 | 2/6/22 | 4/21/19 Cardiff City
55%
9/24/16 Hull City
55%
1/2/20 | 10/24/20 | 12/6/23 | +3 others Sheffield United
55%
1/5/16 | 11/29/17 | 12/27/16 | +2 others Stoke City
53%
12/14/16 | 5/21/17 Middlesbrough FC
52%
1/8/21 Aston Villa U23
48%
4/5/22 SL Benfica
48%
7/31/19 Olympique Lyonnais
47%
6/24/20 Crystal Palace
42%
11/3/20 | 4/18/24 Atalanta BC
38%
7/19/18 Blackburn Rovers
36%
4/24/18 AS Roma
35%
9/20/16 Derby County
35%
7/17/16 Wigan Athletic
33%
1/18/17 Plymouth Argyle
32%
10/27/21 Preston North End
32%
10/24/18 Red Star Belgrade
32%
10/12/22 | 10/4/22 Rangers FC
29%
2/16/21 | 3/10/21 | 7/21/22 RB Leipzig
24%
9/5/20 Blackpool FC
23%
4/27/22 | 5/3/22 | 5/5/16 Villarreal CF
23%
10/2/19 | 12/10/19 Red Bull Salzburg
21%
12/21/19 Flamengo
18%
8/5/17 Athletic Bilbao
17%
1/20/16 Exeter City
17%
3/14/24 | 3/7/24 AC Sparta Prague
15%
9/24/20 Lincoln City
15%
1/9/22 | 2/4/20 Shrewsbury Town
15%
12/6/17 Spartak Moscow
15%
10/26/23 Toulouse FC
14%
7/10/18 | 7/11/19 | 7/12/17 | 7/8/16 Tranmere Rovers
14%
9/25/19 Milton Keynes Dons
12%
10/17/17 | 11/1/17 NK Maribor
12%
8/22/20 VfB Stuttgart
12%
7/14/19 Bradford City
11%
7/23/21 Mainz 05
11%
8/15/17 | 8/23/17 TSG Hoffenheim 1899
11%
10/23/19 KRC Genk
9%
12/18/19 CF Monterrey
8%
7/29/17 Hertha Berlin SC
8%
11/26/15 Bordeaux
6%
10/27/20 FC Midtjylland
6%
11/30/23 LASK Linz
6%
11/5/15 Rubin Kazan
6%
8/23/16 Burton Albion
5%
2/25/16 FC Augsburg
5%
7/7/18 Chester FC
3%
7/13/16 Fleetwood Town
3%
8/9/21 CA Osasuna
2%
8/7/23 Darmstadt 98
2%
7/19/23 Karlsruher SC
2%
10/5/23 Royale Union St-Gilloise
2%
8/7/18 Torino FC
2%
8/5/21 Bolonga FC
0%
4/22/22 Everton FC
0%
9/21/23 LASK Linz
0%
12/2/15 | 5/17/22 Southampton FC
0%
12/30/15 Sunderland AFC
0%
No matching quizzes found
Score Distribution
Percent of People with Each Score
Percentile by Number Answered
Your Score History
You have not taken this quiz since the last reset